00845nam a2200205 a 450000100100000000500170001000800410002704000250006808200160009310000300010924500710013926000480021030000200025849000700027850000570034859000260040583000770043195201140050899900170062200004830820201002061048.0181217s2004 dr r 000 0 spa d aDO-SdBNPbspacBNPHU axxxxbA485p1 aAmarante, Héctor92298910aPresencia de Duarte en Manhattan, Nueva York /cHéctor Amarante. aSanto Domingo :bUniversitaria-UASD,c2004. a30 p. ;c21 cm.1 aPublicaciones de la Universidad Autónoma de Santo Domingov1140 aIncluye dtos biográficos del autor en la pagina 31 aInventariado, 2019/BT 0aPublicaciones de la Universidad Autónoma de Santo Domingon1140975727 0010718PDaPDbPDcHDd2018-12-17iLF1l0oxxxx A485pp48308-10r2020-06-25w2020-06-25yLFPDZNo se presta c47796d47796